000 00751nam a2200229Ia 4500
005 20250508164647.0
008 008 250505s9999 xx 000 0 eng d
020 _a0-7069-7891-9
037 _aTextual
040 _aFEDL
_beng
_cFEDL
041 _aeng
_2eng
084 _a371.2, NAT
_qFEDL
100 _aMahajan Baldev
_9467948
245 0 _aEducational administration in Lakshadweep: Structures, processes and futute prospects
245 0 _cNATIONAL INSTITUTE OF EDUCATIONAL PLANNING AND ADMINISTRATION
260 _aNew Delhi, India
_bVikas Publishing house Pvt Ltd
_c1995
300 _axx,120p.
365 _aINR
_b175
700 _a Goyal J C Sharma G D
_9778777
942 _cTEXL
_h371.2, NAT
999 _c1390412
_d1390412